El Derecho Internacional Privado en los tiempos hipermodernos

Detalles Bibliográficos
Autor principal: Michinel ℓlvarez, Miguel Angel
Formato: eBook
Lenguaje:español
Publicado: Madrid : Dykinson, 2012
Materias:
Acceso en línea:http://www.vlex.com/source/6956

MARC

LEADER 00000nam a22000007a 4500
005 20130219175952.0
007 cr|||| ||||
008 130219e2012 sp |||||s|||| 00||0 spa d
020 |a 978-84-15454-12-0 
035 |a 6956 
040 |a vLex 
090 |c 3690  |d 3690 
100 1 0 |a Michinel ℓlvarez, Miguel Angel  
245 1 3 |a El Derecho Internacional Privado en los tiempos hipermodernos  |h [Recurso electrn̤ico] 
256 |a Servicio en ln̕ea 
260 |a Madrid :  |b Dykinson,   |c 2012 
300 |a 1 Recurso electrn̤ico 
650 0 4 |a Derecho internacional 
740 |a vLex Libros (Servicio en ln̕ea) 
856 |a Acceso restringido  |u http://www.vlex.com/source/6956 
942 |c BOOK 
999 0 |a International law